|
|
|
|
| LEADER |
01034pam a22003258a 4500 |
| 001 |
00032486 |
| 005 |
20171026081025.0 |
| 008 |
140922s2014 ||||||Viesd |
| 020 |
# |
# |
|c 500000
|a 9786047325771
|
| 041 |
0 |
# |
|a Vie
|
| 082 |
1 |
4 |
|a 320.120 959 7
|b CH500Q
|
| 100 |
1 |
# |
|a Nguyễn, Đình Đầu
|
| 245 |
1 |
0 |
|a Chủ quyền Việt Nam trên Biển Đông và Hoàng Sa - Trường Sa
|c Nguyễn Đình Đầu
|
| 260 |
# |
# |
|a Hà Nội
|b Đại học Quốc gia Thành phố Hồ Chí Minh
|c 2014
|
| 300 |
# |
# |
|b minh họa
|a 367 tr.
|c 31cm.
|
| 653 |
# |
# |
|a Biển đảo
|
| 653 |
# |
# |
|a Bản đồ
|
| 653 |
# |
# |
|a Việt Nam
|
| 653 |
# |
# |
|a Trường Sa
|
| 653 |
# |
# |
|a Hoàng Sa
|
| 653 |
# |
# |
|a Chủ quyền
|
| 852 |
# |
# |
|j KD.0016046
|j KM.0017167
|
| 852 |
# |
# |
|b Kho đọc
|j KD.0016046
|
| 852 |
# |
# |
|b Kho mượn
|j KM.0017167
|
| 910 |
|
|
|d 22/9/2014
|
| 980 |
# |
# |
|a Trung tâm Học liệu Lê Vũ Hùng, Trường Đại học Đồng Tháp
|